|
|
|
|
| LEADER |
01217nam a2200373 a 4500 |
| 001 |
nkc20061699704 |
| 003 |
CZ PrNK |
| 005 |
20070223142923.0 |
| 007 |
ta |
| 008 |
061129s2006 xr a b 000 p cze |
| 015 |
|
|
|a cnb001699704
|
| 020 |
|
|
|a 80-86610-24-1
|q (váz.)
|
| 035 |
|
|
|a (OCoLC)124089347
|
| 040 |
|
|
|a BOA001
|b cze
|d ABA001
|
| 072 |
|
7 |
|a 821.162.3-1
|x Česká poezie
|2 Konspekt
|9 25
|
| 072 |
|
7 |
|a 821-93
|x Literatura pro děti a mládež (beletrie)
|2 Konspekt
|9 26
|
| 080 |
|
|
|a 821-93
|2 MRF
|
| 080 |
|
|
|a 821.162.3-1
|2 MRF
|
| 080 |
|
|
|a (0:82-1)
|2 MRF
|
| 100 |
1 |
|
|a Šulista, Petr,
|d 1949-
|7 xx0013743
|4 aut
|
| 245 |
1 |
0 |
|a Letokruh /
|c Petr Šulista ; [ilustrace Milan Horský]
|
| 250 |
|
|
|a Vyd. 1.
|
| 260 |
|
|
|a České Budějovice :
|b Studio Gabreta,
|c 2006
|
| 300 |
|
|
|a 79 s. :
|b barev. il. ;
|c 24 cm
|
| 500 |
|
|
|a 1000 výt.
|
| 655 |
|
7 |
|a česká poezie
|7 fd133958
|2 czenas
|
| 655 |
|
7 |
|a publikace pro děti
|7 fd133156
|2 czenas
|
| 655 |
|
9 |
|a Czech poetry
|2 eczenas
|
| 655 |
|
9 |
|a children's literature
|2 eczenas
|
| 910 |
2 |
|
|a BOA001
|b 2-1177.361
|
| 990 |
|
|
|a BK
|
| 995 |
|
|
|a 01
|
| 991 |
|
|
|b 200612
|
| 996 |
6 |
|
|b 2610294995
|c 2-1177.361
|l MZK
|r Sklad / do 1 hodiny
|n 1
|p p.v.
|w 000834247
|u 000010
|a 1
|e BOA001
|j MZK50
|s P
|